Online
Catalog
Normal view MARC view

Entry Nombre corporativo

Number of records used in: 10

001 - NÚMERO DE CONTROL

  • campo de control: 81179

003 - IDENTIFICADOR DEL NÚMERO DE CONTROL

  • campo de control: DO-SdBNP

005 - FECHA Y HORA DE LA ÚLTIMA TRANSACCIÓN

  • campo de control: 20220215081455.0

008 - DATOS DE LONGITUD FIJA

  • campo de control de longitud fija: 220208|| aca||aabn | a|a d

040 ## - FUENTE DE LA CATALOGACIÓN

  • Centro catalogador/agencia de origen: DO-SdBNP
  • Centro/agencia transcriptor: DO-SdBNP

110 ## - ENCABEZAMIENTO-NOMBRE DE ENTIDAD CORPORATIVA

  • Nombre de entidad corporativa o nombre de jurisdicción como elemento de entrada: Universidad Abierta para Adultos (Santiago de los Caballeros, República Dominicana)

410 2# - TRAZADO DE VÉASE--NOMBRE DE ENTIDAD CORPORATIVA

  • Nombre de entidad corporativa o nombre de jurisdicción como elemento de entrada: UAPA

670 ## - FUENTE DE DATOS ENCONTRADOS

  • Cita de la fuente: Work cat.: (DO-SdBNP)50974: 10463 Hernández, Pedro Pablo, Los incidentes del proceso civil /, 2018.

670 ## - FUENTE DE DATOS ENCONTRADOS

  • Cita de la fuente: Educación superior (Santiago de los Caballeros, República Dominicana), enero-abr. 1998:
  • Información encontrada: cubierta (Universidad Abierta para Adultos; UAPA) verso (loc. in Santiago, Rep. Dom.)

Powered by Koha